| 000 | 00624nam a22001815i 4500 | ||
|---|---|---|---|
| 001 | 158115 | ||
| 003 | ES-MaACL | ||
| 005 | 20230906211020.0 | ||
| 008 | 000825s1889 fr |||| | fre d | ||
| 040 |
_aCCPB | B _bspa _cCCPB | B |
||
| 100 | 1 |
_aLoret, Victor. _9129080 |
|
| 245 | 1 | 0 |
_aManuel de la langue égyptienne _b: grammaire, tableau des hiéroglyphes, textes et glosssaire / _cpar Victor Loret. |
| 260 |
_aParis : _bErnest Leroux, _c1889. |
||
| 300 |
_aIX, 173 p. ; _c28 cm. |
||
| 650 | 4 |
_aLengua egipcia. _914113 |
|
| 752 |
_aFrancia - _dParís |
||
| 852 |
_aES-MaACL _jR-2708 _z-- Enc. pasta _xOlim:A-424 |
||
| 999 |
_c158115 _d158115 |
||